| 000 | 00828nam a2200265Ia 4500 | ||
|---|---|---|---|
| 003 | OSt | ||
| 005 | 20220918171940.0 | ||
| 006 | a|||||r|||| 00| 0 | ||
| 007 | ta | ||
| 008 | 220917b |||||||| |||| 00| 0 eng d | ||
| 020 |
_a9788189884871 (pbk) _c295 |
||
| 024 | _a258,051 | ||
| 037 |
_b1775, 30/11/2011, Research India Press _cTextual |
||
| 040 |
_aARTS _cARTS _beng |
||
| 041 |
_2eng _aeng |
||
| 082 | _aO158,3NMI,SW, 111Q1 | ||
| 100 |
_aMisra Tilottoma _939488 |
||
| 245 | 0 | _aSwarnalata | |
| 260 |
_aNew Delhi _bZubaan India _c2011 |
||
| 300 |
_a294p. _ccm. |
||
| 650 |
_aASSAMESE LITERATURE _911738 |
||
| 700 |
_a Mista Udayon Tr. _939489 |
||
| 942 |
_hO158,3NMI,SW, 111Q1 _cTEXL _2CC |
||
| 999 |
_c141986 _d141986 |
||